| 000 | 003830000a22001570004500 | ||
|---|---|---|---|
| 003 | LK-CoMWRAF | ||
| 008 | 230817t ||||| |||| 00| 0 eng d | ||
| 020 | _a0452008794 | ||
| 040 |
_aLK-CoMWRAF _dLK-CoMWRAF _eLK-CoMWRAF |
||
| 041 | _aeng | ||
| 082 |
_a152.7 _bKRI |
||
| 245 |
_aAnthology of Islamic Literature _b |
||
| 260 |
_bPenguin _aU.S.A. _c1975 |
||
| 300 | _ap.379 | ||
| 942 | _cBK | ||
| 999 |
_c1019 _d1019 |
||